000 01100naa a22003017a 4500
001 BR7903745
003 BR-BrBNA
005 20240918174415.0
007 ta
008 230509b bl.||||| |||| 00| 0 por d
040 _aBR-BrBNA
_bpor
_cBiblioteca Nacional de Agricultura
041 _a(Pt)
072 _aH10
_b0336
_b4020
_bG514
090 _aH10 BR7903745
100 1 _aPanizzi, A.R.
100 1 _aSmith, J.G.
100 1 _aPereira, L.A.G.
100 1 _aYamashita, J.
111 1 _a1. Seminario Nacional de Pesquisa de Soja
_cLondrina, PR (Brazil)
_d24 Sep 1978
245 1 _aEfeitos dos danos de Piezodorus guildinii no rendimento e qualidade da soja [Glycine max, percevejo, Brasil]
260 3 _aLondrina, PR (Brasil):
_c1979.
500 _aAnais do 1. Seminario Nacional de Pesquisa de Soja Londrina, PR (Brasil): 1979. p. 59-78 (BR7903745-AM)H10
650 _aSOJA
650 _aPERCEVEJO
773 0 _tAnais do 1. Seminario Nacional de Pesquisa de Soja
_b
_wH10 BR7903745
_gLondrina, PR (Brasil), 1979. p. 59-78
909 _a202404
_bLucia
_c55
_dLucia Elande
942 _cAM
_2AGRIS
999 _c311035
_d311035